00325nam a2200097Ia 4500008004100000245009500041245001900136260000900155650001500164856004800179171211s9999 xx 000 0 und d aMeasuring, Modeling and Simulating the Re-adaptation Process of the Human Visual System... cBenjamin Meyer c2016 xPSYCHOLOGY uhttp://down.ebook777.com/063/3658147032.pdf